[Event "London Classic op 10th"]
[Site "London"]
[Date "2018.12.16"]
[Round "9"]
[White "Prior, Stephen"]
[Black "Dougan Maho, Harold"]
[Result "1-0"]
[WhiteElo "2065"]
[BlackElo "2204"]
[PlyCount "115"]
[EventDate "2018.12.09"]
[EventType "swiss"]
[EventRounds "9"]
[EventCountry "ENG"]
[SourceTitle "CBM 187 Extra"]
[Source "ChessBase"]
[SourceDate "2018.11.04"]
[SourceVersion "1"]
[SourceVersionDate "2018.11.04"]
[SourceQuality "1"]

1. d4 Nf6 2. c4 e5 3. dxe5 Ng4 4. Nf3 Nc6 5. e3 Bb4+ 6. Bd2 Bxd2+ 7. Qxd2 Ngxe5 8. Nxe5 Nxe5 9. Be2 0-0 10. 0-0 d6 11. Nc3 f5 12. f4 Nc6 13. Bf3 Be6 14. Nd5 Kh8 15. Rac1 Rc8 16. Rfd1 Bxd5 17. cxd5 Nb8 18. Rc3 Qe7 19. Qc2 c5 20. e4 fxe4 21. Bxe4 Rxf4 22. Bxh7 Rh4 23. Bf5 Rf8 24. Be6 Nd7 25. Rdd3 Rf6 26. Rh3 Rfh6 27. Qf5 g6 28. Qf2 Rxh3 29. Bxh3 Ne5 30. b4 b6 31. bxc5 bxc5 32. Rb3 Kg7 33. Bc8 Qd8 34. Rb7+ Kh8 35. Rxa7 Rh4 36. Bb7 Kg7 37. Bc8+ Kh8 38. Be6 Rb4 39. h3 Rb1+ 40. Kh2 Rb4 41. a4 Rh4 42. a5 Rh7 43. Rxh7+ Kxh7 44. a6 Kg7 45. Qb2 Qg5 46. Qa1 Qf4+ 47. Kh1 Kh7 48. Qd1 c4 49. a7 Qf8 50. Qa1 Qa8 51. Bc8 c3 52. Bb7 Qxb7 53. a8Q Qb3 54. Q8a7+ Kh6 55. Qe3+ g5 56. Qac1 Nf7 57. Qcxc3 Qd1+ 58. Qce1 1-0

[Event "London Classic op 10th"]
[Site "London"]
[Date "2018.12.15"]
[Round "8"]
[White "Dougan Maho, Harold"]
[Black "Cole, James"]
[Result "1-0"]
[WhiteElo "2204"]
[BlackElo "1914"]
[PlyCount "35"]
[EventDate "2018.12.09"]
[EventType "swiss"]
[EventRounds "9"]
[EventCountry "ENG"]
[SourceTitle "CBM 187 Extra"]
[Source "ChessBase"]
[SourceDate "2018.11.04"]
[SourceVersion "1"]
[SourceVersionDate "2018.11.04"]
[SourceQuality "1"]

1. e4 c6 2. d4 d5 3. e5 Bf5 4. c3 e6 5. Be3 Qb6 6. Qb3 Nd7 7. f4 Ne7 8. Nf3 Bg6 9. Nbd2 Nf5 10. Bf2 h5 11. g3 f6 12. Be2 Rc8 13. c4 Kf7 14. 0-0 Qc7 15. Rac1 Ne7 16. Nh4 dxc4 17. Bxc4 Nd5 18. f5 1-0

[Event "London Classic op 10th"]
[Site "London"]
[Date "2018.12.14"]
[Round "6"]
[White "Dougan Maho, Harold"]
[Black "Day, Christopher"]
[Result "1-0"]
[WhiteElo "2204"]
[BlackElo "1761"]
[PlyCount "115"]
[EventDate "2018.12.09"]
[EventType "swiss"]
[EventRounds "9"]
[EventCountry "ENG"]
[SourceTitle "CBM 187 Extra"]
[Source "ChessBase"]
[SourceDate "2018.11.04"]
[SourceVersion "1"]
[SourceVersionDate "2018.11.04"]
[SourceQuality "1"]

1. e4 c6 2. d4 d5 3. e5 Bf5 4. c3 e6 5. Be3 Nd7 6. f4 Qb6 7. Qb3 h5 8. Nf3 Nh6 9. h3 Be7 10. Be2 0-0 11. 0-0 Qxb3 12. axb3 c5 13. Bb5 cxd4 14. Nxd4 Nc5 15. b4 a6 16. Be2 Ne4 17. Rd1 Ng3 18. Bf3 Be4 19. Nd2 Bxf3 20. N2xf3 Nhf5 21. Bf2 Ne4 22. Nxf5 exf5 23. Rxd5 Nxf2 24. Kxf2 Rfd8 25. Rad1 Kf8 26. Rxd8+ Rxd8 27. Rxd8+ Bxd8 28. Nd4 g6 29. Nb3 b6 30. Nd4 Ke8 31. Kf3 h4 32. g4 hxg3 33. Kxg3 Kd7 34. h4 f6 35. h5 gxh5 36. Nxf5 fxe5 37. fxe5 Ke6 38. Kf4 Bc7 39. Nd4+ Kd5 40. Nf3 Ke6 41. Ke4 Bd8 42. Nd4+ Kd7 43. Kf5 h4 44. Kg4 Be7 45. b3 Bd8 46. Kh3 Be7 47. Nf5 Bg5 48. Nxh4 Bd2 49. c4 Bxb4 50. Kg4 Ke6 51. Kf4 Bc3 52. Nf3 Bb2 53. Ke4 Bc1 54. Nd4+ Kd7 55. Kd5 Bg5 56. e6+ Ke7 57. Nf5+ Ke8 58. Kc6 1-0

[Event "Madrid-chT 1314"]
[Site "Madrid"]
[Date "2014.02.15"]
[Round "10.16"]
[White "Collado Barbas, Laura"]
[Black "Dougan Maho, Harold"]
[Result "1-0"]
[WhiteElo "2133"]
[BlackElo "2221"]
[PlyCount "103"]
[EventDate "2013.11.16"]
[EventType "team-tourn"]
[EventRounds "14"]
[EventCountry "ESP"]
[SourceTitle "EXT 2015"]
[Source "ChessBase"]
[SourceDate "2014.11.20"]
[SourceVersion "1"]
[SourceVersionDate "2014.11.20"]
[SourceQuality "1"]
[WhiteTeam "La Casa del Ajedrez"]
[BlackTeam "Villalba 64"]
[WhiteTeamCountry "ESP"]
[BlackTeamCountry "ESP"]

1. d4 d5 2. c4 Bf5 3. Nc3 e6 4. Nf3 Nf6 5. Bg5 c6 6. Qb3 Qb6 7. c5 Qxb3 8. axb3 Na6 9. Ra4 Bc2 10. Nd2 e5 11. e3 Nc7 12. Be2 Nd7 13. 0-0 Ne6 14. Bh4 g5 15. Bg3 Bg7 16. Rc1 exd4 17. exd4 Bg6 18. Nf3 0-0 19. Bd6 Rfe8 20. Kf1 g4 21. Ne5 Bxe5 22. dxe5 Nexc5 23. Bxc5 Nxc5 24. Nxd5 Nxb3 25. Nf6+ Kh8 26. Nxe8 Nxc1 27. Nd6 Nxe2 28. Kxe2 b6 29. Ke3 h5 30. f4 gxf3 31. gxf3 Kg7 32. f4 Bb1 33. Ra1 Bc2 34. Rg1+ Kf8 35. Rg5 h4 36. Rh5 Ke7 37. f5 a5 38. Rxh4 b5 39. Rh7 Rf8 40. Kd2 Bb3 41. Nb7 a4 42. Rh4 Rg8 43. Nc5 Bd5 44. Kc3 Rg2 45. Rh8 f6 46. Rh7+ Ke8 47. e6 Rg5 48. Nb7 Bxe6 49. fxe6 Re5 50. Nd6+ Kf8 51. Rf7+ Kg8 52. e7 1-0

[Event "Valencia Autonomico Sur-A"]
[Site "Valencia"]
[Date "2009.01.31"]
[Round "4.2"]
[White "Valero Rubio, Jose Vicente"]
[Black "Dougan Maho, Harold"]
[Result "1/2-1/2"]
[WhiteElo "2096"]
[BlackElo "2230"]
[PlyCount "101"]
[EventDate "2009.01.10"]
[EventType "team-tourn"]
[EventRounds "5"]
[EventCountry "ESP"]
[SourceTitle "EXT 2011"]
[Source "ChessBase"]
[SourceDate "2010.11.26"]
[SourceVersion "1"]
[SourceVersionDate "2010.11.26"]
[SourceQuality "1"]

1. Nf3 c6 2. g3 d5 3. Bg2 g6 4. 0-0 Bg7 5. d3 Nf6 6. Nbd2 0-0 7. e4 Bg4 8. h3 Bxf3 9. Qxf3 e6 10. Qe2 Nfd7 11. c3 Qb6 12. c4 dxe4 13. Nxe4 c5 14. Be3 Nc6 15. Rab1 a5 16. Nc3 Nd4 17. Bxd4 Bxd4 18. Nb5 Bg7 19. a3 Ne5 20. b4 Nc6 21. Qe3 Bd4 22. Nxd4 cxd4 23. Qe4 axb4 24. axb4 Nxb4 25. Qxb7 Qxb7 26. Bxb7 Ra4 27. c5 Na6 28. Rfc1 Ra5 29. Bxa6 Rxa6 30. c6 Rc8 31. c7 Raa8 32. Rb7 Kg7 33. Rc4 e5 34. Rc6 Re8 35. Kg2 Rac8 36. Kf3 f5 37. Ke2 Re7 38. Kd2 Kf7 39. f3 Ke8 40. g4 Kd7 41. Rc5 fxg4 42. hxg4 Kd6 43. Rbb5 Rcxc7 44. Rd5+ Kc6 45. Rdc5+ Kd7 46. Rd5+ Kc8 47. Rxe5 Rf7 48. Re8+ Kd7 49. Re4 Rxf3 50. Rd5+ Kc8 51. Rexd4 1/2-1/2

[Event "Valencia Autonomico Sur-A"]
[Site "Valencia"]
[Date "2009.01.17"]
[Round "2.2"]
[White "Vila Antunez, Joaquin"]
[Black "Dougan Maho, Harold"]
[Result "1-0"]
[WhiteElo "2198"]
[BlackElo "2230"]
[PlyCount "105"]
[EventDate "2009.01.10"]
[EventType "team-tourn"]
[EventRounds "5"]
[EventCountry "ESP"]
[SourceTitle "EXT 2011"]
[Source "ChessBase"]
[SourceDate "2010.11.26"]
[SourceVersion "1"]
[SourceVersionDate "2010.11.26"]
[SourceQuality "1"]

1. d4 d5 2. c4 c6 3. Nc3 Nf6 4. cxd5 cxd5 5. Bf4 Nc6 6. e3 a6 7. Bd3 e6 8. Rc1 Bd6 9. Bxd6 Qxd6 10. f4 0-0 11. Nf3 b5 12. Ne5 Bb7 13. 0-0 Ne7 14. Qf3 Rac8 15. a3 Rc7 16. Rc2 Rfc8 17. Rcf2 Rxc3 18. bxc3 Rxc3 19. a4 Qa3 20. axb5 Rxd3 21. Nxd3 Qxd3 22. bxa6 Bxa6 23. Rb2 g6 24. Rd1 Qc3 25. Rdb1 Ne4 26. Rb3 Qa5 27. Qd1 Bc4 28. Rb8+ Kg7 29. Qe1 Qa3 30. Ra1 Qd3 31. Rd1 Qc3 32. Rc1 Qxe1+ 33. Rxe1 Nc6 34. Rb6 Na5 35. Ra1 Nb3 36. Ra7 Nc1 37. g4 Be2 38. Rbb7 Nd6 39. Rd7 Bxg4 40. Rxd6 g5 41. Rdd7 Bh5 42. f5 Kf6 43. fxe6 Kxe6 44. Re7+ Kf6 45. Red7 Ke6 46. Re7+ Kf6 47. e4 Ne2+ 48. Kf2 Nf4 49. e5+ Kf5 50. Rxf7+ Bxf7 51. Rxf7+ Kg6 52. Rf6+ Kg7 53. Rxf4 1-0

[Event "ESP-ch Student"]
[Site "Cartagena"]
[Date "2007.05.09"]
[Round "7"]
[White "Dougan Maho, Harold"]
[Black "Martinez Fernandez, Silverio Juan"]
[Result "1-0"]
[WhiteElo "2232"]
[BlackElo "2042"]
[PlyCount "27"]
[EventDate "2007.05.06"]
[EventType "swiss"]
[EventRounds "9"]
[EventCountry "ESP"]
[SourceTitle "CBM 118 Extra"]
[Source "ChessBase"]
[SourceDate "2007.07.04"]
[SourceVersion "1"]
[SourceVersionDate "2007.07.04"]
[SourceQuality "1"]

1. e4 c5 2. f4 a6 3. Nf3 d5 4. exd5 Nf6 5. Ne5 Nxd5 6. Bc4 e6 7. Qf3 Nb4 8. Bb3 N8c6 9. 0-0 Nd4 10. Ba4+ Bd7 11. Qxb7 Nb5 12. Nxd7 Ra7 13. Nf6+ gxf6 14. Qxa7 1-0

[Event "ESP-ch Student"]
[Site "Cartagena"]
[Date "2007.05.08"]
[Round "5"]
[White "Dougan Maho, Harold"]
[Black "Pazos Porta, Antonio"]
[Result "0-1"]
[WhiteElo "2232"]
[BlackElo "2129"]
[PlyCount "106"]
[EventDate "2007.05.06"]
[EventType "swiss"]
[EventRounds "9"]
[EventCountry "ESP"]
[SourceTitle "CBM 118 Extra"]
[Source "ChessBase"]
[SourceDate "2007.07.04"]
[SourceVersion "1"]
[SourceVersionDate "2007.07.04"]
[SourceQuality "1"]

1. e4 c5 2. f4 e6 3. Qe2 Nc6 4. Nf3 Be7 5. g3 d5 6. d3 Nf6 7. c3 0-0 8. Bg2 c4 9. dxc4 Nxe4 10. Nbd2 Nxd2 11. Bxd2 dxc4 12. Qxc4 Bd7 13. 0-0 Qb6+ 14. Kh1 Na5 15. Qd4 Bb5 16. Qxb6 axb6 17. Rfe1 Nc4 18. Bc1 Bc6 19. Ne5 Nxe5 20. Rxe5 Rfd8 21. Re1 Rd3 22. Be3 Bxg2+ 23. Kxg2 Bc5 24. Kf2 Rad8 25. Re2 Rxe3 26. Rxe3 Rd2+ 27. Kf3 Bxe3 28. Kxe3 Rxb2 29. Rd1 g6 30. Rd7 Rc2 31. Kd3 Rxa2 32. Rxb7 Rxh2 33. Rxb6 Rg2 34. c4 Rxg3+ 35. Kd4 Rf3 36. Ke5 Kg7 37. c5 Rc3 38. c6 h5 39. Kd6 Kf6 40. Rb5 h4 41. c7 h3 42. Rc5 Rxc5 43. Kxc5 h2 44. c8Q h1Q 45. Qd8+ Kg7 46. Qd4+ Kh7 47. Qf6 Qd5+ 48. Kb6 Qf5 49. Qh4+ Kg7 50. Kc6 Qe4+ 51. Kd7 e5 52. Ke8 Qxf4 53. Qe7 Qa4+ 0-1

[Event "Valencia region tt"]
[Site "Valencia"]
[Date "2004.12.??"]
[Round "7"]
[White "Dougan Maho, Harold"]
[Black "Ramirez Rus, Fernando"]
[Result "1-0"]
[WhiteElo "2248"]
[BlackElo "1825"]
[PlyCount "89"]
[EventDate "2004.10.23"]
[EventType "team"]
[EventRounds "7"]
[EventCountry "ESP"]
[SourceTitle "EXT 2008"]
[Source "ChessBase"]
[SourceDate "2007.11.25"]
[SourceVersion "1"]
[SourceVersionDate "2007.11.25"]
[SourceQuality "1"]

1. e4 c5 2. f4 d6 3. Nf3 g6 4. d3 Bg7 5. Be2 e6 6. c3 Nc6 7. 0-0 Nge7 8. Be3 0-0 9. a4 f5 10. Na3 b6 11. Qb3 Na5 12. Qa2 Kh8 13. Rad1 Bd7 14. Nb5 d5 15. e5 Bxb5 16. axb5 Qd7 17. c4 a6 18. b4 Nxc4 19. dxc4 axb5 20. Qb2 d4 21. Nxd4 cxd4 22. Rxd4 Qc7 23. Rd6 Nc8 24. Rxe6 Qd7 25. Bf3 Qxe6 26. Bxa8 bxc4 27. Rd1 Ne7 28. Bf3 b5 29. Bc5 Rc8 30. Rd6 Qg8 31. Rd7 Rxc5 32. bxc5 Qc8 33. Qxb5 Bf8 34. c6 c3 35. Qc4 Qb8 36. Qxc3 Qb1+ 37. Kf2 Qb6+ 38. Kg3 h5 39. c7 g5 40. Qd4 h4+ 41. Kf2 Qa6 42. fxg5 Qa2+ 43. Be2 Qc2 44. Qxh4+ Kg8 45. Qc4+ 1-0